Statistics for British Comedians: Picture Quiz no.2

Click here to take the quiz!

General Stats

  • This quiz has been taken 186 times
  • The average score is 11 of 20

Answer Stats

Answer% Correct
David Mitchell
88%
Hugh Laurie
84%
John Cleese
82%
Matt Lucas
76%
Billy Connolly
73%
Sarah Millican
73%
Alexander Armstrong
72%
Sean Lock
71%
Lenny Henry
69%
Russell Howard
66%
Tim Vine
66%
Aisling Bea
51%
Mel Smith
51%
Ben Elton
49%
Harry Enfield
47%
Marcus Brigstocke
35%
Charlie Higson
25%
Sanjeev Bhaskar
25%
Jerry Sadowitz
15%
Mike Harding
13%

Score Distribution

Percentile by Number Answered

Percent of People with Each Score

Your Score History

You have not taken this quiz